Management practices of Russian companies (Запись № 12735021)

Подробности
000 -МАРКЕР
контрольное поле 01979nam1a2200373 i 4500
001 - ИДЕНТИФИКАТОР ЗАПИСИ
контрольное поле RU\NLR\BIBL_A\016219878
005 - ИДЕНТИФИКАТОР ВЕРСИИ
контрольное поле 20241101042156.0
010 ## - МЕЖДУНАРОДНЫЙ СТАНДАРТНЫЙ НОМЕР КНИГИ (ISBN)
Номер (ISBN) 9785759826873
035 ## - ДРУГИЕ СИСТЕМНЫЕ НОМЕРА
Идентификатор записи (NLR Aleph) 016219878
100 ## - ДАННЫЕ ОБЩЕЙ ОБРАБОТКИ
Данные общей обработки 20221128g20229999k y0rusy50 ba
101 0# - ЯЗЫК РЕСУРСА
Язык текста, звукозаписи и т.д. английский
102 ## - СТРАНА ПУБЛИКАЦИИ ИЛИ ПРОИЗВОДСТВА
Страна публикации российская федерация
105 ## - ПОЛЕ КОДИРОВАННЫХ ДАННЫХ: ТЕКСТОВЫЕ МАТЕРИАЛЫ, МОНОГРАФИЧЕСКИЕ
Кодированные данные о монографическом текстовом документе ||||z |||||
181 #0 - ПОЛЕ КОДИРОВАННЫХ ДАННЫХ: ВИД СОДЕРЖАНИЯ
Код вида содержания (ISBD) i
Код характеристики содержания (ISBD) axxe
182 #0 - ПОЛЕ КОДИРОВАННЫХ ДАННЫХ: ТИП СРЕДСТВА
Код типа средства (ISBD) n - непосредственное
200 1# - ЗАГЛАВИЕ И СВЕДЕНИЯ ОБ ОТВЕТСТВЕННОСТИ
Основное заглавие Management practices of Russian companies
Сведения, относящиеся к заглавию cases from the collection of the HSE graduate school of business
-- in 2 vol.
Первые сведения об ответственности P. Artamoshina, A. Vinogradov M. Gorgisheli [et al.]
Последующие сведения об ответственности edited by S. Kushch, Doctor of sciences, Professor
-- National research university, Higher school of econimics, Graduate school of business
203 ## - ВИД СОДЕРЖАНИЯ И ТИП СРЕДСТВА
Вид содержания Текст
Дополнительные сведения об издании визуальный
Тип средства непосредственный
210 ## - ПУБЛИКАЦИЯ, РАСПРОСТРАНЕНИЕ И ДР.
Место издания, распространения и т.д. Moscow
Имя издателя, распространителя и т. д. Higher school of econimics publishing house
Дата издания, распространения и т.д. 2022
215 ## - ФИЗИЧЕСКАЯ ХАРАКТЕРИСТИКА
Размеры 21
300 ## - ОБЩИЕ ПРИМЕЧАНИЯ
Текст примечания Авт. указаны на обороте тит. с.
541 1# - ПЕРЕВОД ЗАГЛАВИЯ, СДЕЛАННЫЙ КАТАЛОГИЗАТОРОМ
Заглавие Практика управления российскими компаниями
Сведения, относящиеся к заглавию кейсы из коллекции Высшей школы бизнеса НИУ ВШЭ
606 1# - НАИМЕНОВАНИЕ ТЕМЫ КАК ПРЕДМЕТ
Наименование темы Менеджмент
Географический подзаголовок Российская Федерация
Системный номер авторитетной/нормативной записи 2081414
Идентификатор авторитетной/нормативной записи RU\NLR\AUTH\661257394
686 1# - ИНДЕКСЫ ДРУГИХ КЛАССИФИКАЦИЙ
Индекс У21(2)9(2Р)
701 #1 - ИМЯ ЛИЦА - АЛЬТЕРНАТИВНАЯ ОТВЕТСТВЕННОСТЬ
Графика поля Латинская
Материалы, к которым относится поле rus
Начальный элемент ввода Artamošina
Часть имени, кроме начального элемента ввода P. S.
Расширение инициалов личного имени Polina Sergeevna
Системный номер авторитетной/нормативной записи 250713
Идентификатор авторитетной/нормативной записи RU\NLR\AUTH\770250769
701 #1 - ИМЯ ЛИЦА - АЛЬТЕРНАТИВНАЯ ОТВЕТСТВЕННОСТЬ
Графика поля Латинская
Материалы, к которым относится поле rus
Начальный элемент ввода Vinogradov
Часть имени, кроме начального элемента ввода A. B.
Дополнения к именам, кроме дат канд. экон. наук
Даты 1979-
Расширение инициалов личного имени Andrej Borisovič
Системный номер авторитетной/нормативной записи 250716
Идентификатор авторитетной/нормативной записи RU\NLR\AUTH\770250772
701 #1 - ИМЯ ЛИЦА - АЛЬТЕРНАТИВНАЯ ОТВЕТСТВЕННОСТЬ
Графика поля Латинская
Материалы, к которым относится поле rus
Начальный элемент ввода Gorgišeli
Часть имени, кроме начального элемента ввода M. V.
Расширение инициалов личного имени Marija Vasil'evna
Системный номер авторитетной/нормативной записи 250737
Идентификатор авторитетной/нормативной записи RU\NLR\AUTH\770250793
702 #1 - ИМЯ ЛИЦА - ВТОРИЧНАЯ ОТВЕТСТВЕННОСТЬ
Код отношения Редактор
Графика поля Латинская
Материалы, к которым относится поле rus
Начальный элемент ввода Kušč
Часть имени, кроме начального элемента ввода S. P.
Даты 1955-
Расширение инициалов личного имени Sergej Pavlovič
Системный номер авторитетной/нормативной записи 250747
Идентификатор авторитетной/нормативной записи RU\NLR\AUTH\770250803
711 02 - НАИМЕНОВАНИЕ ОРГАНИЗАЦИИ - АЛЬТЕРНАТИВНАЯ ОТВЕТСТВЕННОСТЬ
Графика поля Латинская
Материалы, к которым относится поле eng
Начальный элемент ввода National research university - Higher school of economics
Структурное подразделение Graduate school of business
Идентифицирующий признак Moscow
Системный номер авторитетной/нормативной записи 829454
Идентификатор авторитетной/нормативной записи RU\NLR\AUTH\880581844
852 ## - МЕСТОНАХОЖДЕНИЕ И ШИФР ХРАНЕНИЯ
Идентификатор организации NLR
Шифр хранения (Call Number) Ик 2022-3/452
942 ## - ДОПОЛНИТЕЛЬНЫЕ ЭЛЕМЕНТЫ ЗАПИСИ (АБИС)
Тип экземпляра АБИС Книга

Нет доступных экземпляров.